00280nam a2200121Ia 4500008004100000100001800041245002000059260003400079300000900113650001200122942000700134999001700141190216s9999||||xx |||||||||||||| ||und|| aHanson Earl D 0aJandhu Vividyam bKerala Bhasha Institutec1973 a156p aZoology cBK c37873d37873